000 01128nam a2200253Ia 4500
003 Ost
005 20260507075006.0
008 260507s9999||||xx |||||||||||||| ||und||
020 _a9789961522387
040 _cfsecg
041 _aara
082 _a332
100 _aبن علي، بلعزوز
_eمؤلف
245 0 _aدليلك في الاقتصاد النقدي- البنكي -الدولي -أسواق المالية -المالية العامة /
_c بلعزوز بن علي
260 _aالجزائر:
_bدار الخلدونية,
_c2008
300 _a264 صفحة؛
504 _aبيبليوغرافيا: ص.258
520 _aتجد في هذا الكتاب اجابة عن أسئلة في الاقتصاد النقدي ، الاقتصاد البنكي ، الاقتصاد الدولي ، الاسواق المالية ، المالية لالعامة أسئلة للاجابه عنها.
653 _aإقتصاد دولي
653 _aالإقتصاد المالي
653 _aالمالية العامة
700 _aمحمدي، الطيب امحمد
_eمؤلف ثانوي
942 _cكتاب
999 _c42117
_d42117